Organization Development in Health Care

Saved in:
Bibliographic Details
Main Author: Boss, R. Wayne
Format: Book
Language:English
Published: Reading Addison-Wesley Pub. Co. 1989
Edition:1. ed.
Tags: Add Tag
No Tags, Be the first to tag this record!

MARC

LEADER 00000nam a2200000 4500
001 c033170
005 20250515101003.2
041 0 |a eng 
044 |a GB 
245 1 0 |a Organization Development in Health Care  |c R. Wayne Boss 
250 |a 1. ed. 
264 1 |a Reading  |b Addison-Wesley Pub. Co.  |c 1989 
300 |a 186 s. 
100 1 |a Boss, R. Wayne